[Event "Hannover-ch op"]
[Site "Hannover"]
[Date "2003.10.26"]
[Round "7"]
[White "Raimann, Max Guenter"]
[Black "Eike, Detlef"]
[Result "1-0"]
[WhiteElo "1973"]
[BlackElo "1949"]
[PlyCount "35"]
[EventDate "2003.10.23"]
[EventType "swiss"]
[EventRounds "7"]
[EventCountry "GER"]
[SourceTitle "EXT 2021"]
[Source "ChessBase"]
[SourceDate "2020.10.23"]
[SourceVersion "1"]
[SourceVersionDate "2020.10.23"]
[SourceQuality "1"]

1. e4 e5 2. Bc4 Nc6 3. f4 Nf6 4. Nf3 d5 5. exd5 Nxd5 6. fxe5 Bg4 7. 0-0 Bc5+ 8. Kh1 Nd4 9. Be2 Nf5 10. c3 0-0 11. Qe1 Re8 12. d4 Bf8 13. Ng5 Nde3 14. Bxg4 Qxg5 15. Bh3 g6 16. Rxf5 gxf5 17. Qxe3 Qh5 18. Qg5+ 1-0

[Event "Hannover-ch op"]
[Site "Hannover"]
[Date "2002.10.08"]
[Round "7"]
[White "Adibekian, Roubik"]
[Black "Eike, Detlef"]
[Result "1/2-1/2"]
[WhiteElo "2037"]
[BlackElo "1896"]
[PlyCount "38"]
[EventDate "2002.10.04"]
[EventType "swiss"]
[EventRounds "7"]
[EventCountry "GER"]
[SourceTitle "EXT 2021"]
[Source "ChessBase"]
[SourceDate "2020.10.23"]
[SourceVersion "1"]
[SourceVersionDate "2020.10.23"]
[SourceQuality "1"]

1. Nf3 d5 2. d4 c6 3. g3 Bg4 4. Bg2 Nd7 5. Nbd2 e6 6. 0-0 Bd6 7. e4 Ne7 8. c4 0-0 9. Qb3 a5 10. exd5 exd5 11. cxd5 Nxd5 12. Nc4 Bc7 13. Qxb7 Nb4 14. Bg5 f6 15. Bf4 Bxf4 16. gxf4 Rb8 17. Qa7 Ra8 18. Qb7 Rb8 19. Qa7 Ra8 1/2-1/2

[Event "Hannover-ch op"]
[Site "Hannover"]
[Date "2002.10.07"]
[Round "5"]
[White "Eike, Detlef"]
[Black "Gans, Torsten"]
[Result "1-0"]
[WhiteElo "1896"]
[BlackElo "1789"]
[PlyCount "37"]
[EventDate "2002.10.04"]
[EventType "swiss"]
[EventRounds "7"]
[EventCountry "GER"]
[SourceTitle "EXT 2021"]
[Source "ChessBase"]
[SourceDate "2020.10.23"]
[SourceVersion "1"]
[SourceVersionDate "2020.10.23"]
[SourceQuality "1"]

1. e4 e5 2. Nf3 Nf6 3. Nxe5 d6 4. Nf3 Nxe4 5. d4 d5 6. Bd3 Bd6 7. 0-0 0-0 8. Re1 Re8 9. c4 c6 10. Nc3 Nxc3 11. bxc3 dxc4 12. Bxc4 Bg4 13. Bg5 Qd7 14. Qb3 Rxe1+ 15. Rxe1 Bxf3 16. gxf3 b5 17. Bxf7+ Qxf7 18. Re8+ Bf8 19. Be7 1-0

[Event "Hannover-ch op"]
[Site "Hannover"]
[Date "2002.10.06"]
[Round "6"]
[White "Rinke, Nils"]
[Black "Eike, Detlef"]
[Result "1/2-1/2"]
[WhiteElo "2008"]
[BlackElo "1896"]
[PlyCount "81"]
[EventDate "2002.10.04"]
[EventType "swiss"]
[EventRounds "7"]
[EventCountry "GER"]
[SourceTitle "EXT 2021"]
[Source "ChessBase"]
[SourceDate "2020.10.23"]
[SourceVersion "1"]
[SourceVersionDate "2020.10.23"]
[SourceQuality "1"]

1. e4 e5 2. Nc3 Bc5 3. Bc4 Nc6 4. Qg4 g6 5. Qf3 f6 6. Nge2 d6 7. 0-0 Nh6 8. h3 Nf7 9. d3 Rf8 10. Kh1 Ng5 11. Qg3 Na5 12. f4 exf4 13. Bxf4 Nxc4 14. Bxg5 fxg5 15. Rxf8+ Kxf8 16. Rf1+ Kg7 17. dxc4 c6 18. Na4 Qe7 19. Qc3+ Kg8 20. Nxc5 dxc5 21. Qf6 Qxf6 22. Rxf6 b6 23. Rd6 Ba6 24. b3 Re8 25. Nc3 Re7 26. Rxc6 Bb7 27. Rd6 Kf8 28. Nd5 Rxe4 29. Rd8+ Re8 30. Rxe8+ Kxe8 31. Nf6+ Ke7 32. Nxh7 Be4 33. c3 Bb1 34. a3 Ba2 35. b4 Bxc4 36. Nxg5 Kf6 37. Nf3 Kf5 38. Kg1 Ke4 39. Kf2 Kd3 40. bxc5 bxc5 41. Ne5+ 1/2-1/2

[Event "Hannover-ch op"]
[Site "Hannover"]
[Date "2002.10.06"]
[Round "4"]
[White "Schulze, Holger"]
[Black "Eike, Detlef"]
[Result "0-1"]
[WhiteElo "1640"]
[BlackElo "1896"]
[PlyCount "27"]
[EventDate "2002.10.04"]
[EventType "swiss"]
[EventRounds "7"]
[EventCountry "GER"]
[SourceTitle "EXT 2021"]
[Source "ChessBase"]
[SourceDate "2020.10.23"]
[SourceVersion "1"]
[SourceVersionDate "2020.10.23"]
[SourceQuality "1"]

1. f4 d5 2. Nf3 Bf5 3. b3 Nc6 4. Bb2 e6 5. e3 Nf6 6. Be2 Bc5 7. d4 Be7 8. 0-0 0-0 9. Nbd2 Ng4 10. Qc1 Nxe3 11. Rf2 Nxc2 12. Rb1 Ne3 13. Ra1 Ng4 14. h3 0-1

[Event "Hannover-ch op"]
[Site "Hannover"]
[Date "2002.10.05"]
[Round "2"]
[White "Tenninger, Joerg"]
[Black "Eike, Detlef"]
[Result "0-1"]
[WhiteElo "1611"]
[BlackElo "1896"]
[PlyCount "54"]
[EventDate "2002.10.04"]
[EventType "swiss"]
[EventRounds "7"]
[EventCountry "GER"]
[SourceTitle "EXT 2021"]
[Source "ChessBase"]
[SourceDate "2020.10.23"]
[SourceVersion "1"]
[SourceVersionDate "2020.10.23"]
[SourceQuality "1"]

1. d4 d5 2. c4 c6 3. Nf3 Nf6 4. Bg5 e6 5. e3 Nbd7 6. Be2 Be7 7. 0-0 0-0 8. Nc3 b6 9. a3 Bb7 10. cxd5 Nxd5 11. Bxe7 Qxe7 12. Nxd5 exd5 13. Rc1 Nf6 14. Ne5 c5 15. Qa4 a6 16. Ng4 Nxg4 17. Bxg4 b5 18. Qd1 c4 19. Qd2 a5 20. Rfe1 Ra6 21. Qc2 Qh4 22. Bf3 Rh6 23. h3 f5 24. Kf1 g5 25. g3 Qxh3+ 26. Ke2 g4 27. Rh1 gxf3+ 0-1

[Event "Hannover-ch op"]
[Site "Isernhagen"]
[Date "2001.09.30"]
[Round "2"]
[White "Eike, Detlef"]
[Black "Mensching, Wilfried"]
[Result "1-0"]
[WhiteElo "1850"]
[BlackElo "1685"]
[PlyCount "97"]
[EventDate "2001.09.29"]
[EventType "swiss"]
[EventRounds "7"]
[EventCountry "GER"]
[SourceTitle "EXT 2021"]
[Source "ChessBase"]
[SourceDate "2020.10.23"]
[SourceVersion "1"]
[SourceVersionDate "2020.10.23"]
[SourceQuality "1"]

1. e4 d5 2. exd5 Qxd5 3. Nc3 Qa5 4. d4 c6 5. Nf3 Bf5 6. Bd3 Bxd3 7. Qxd3 Nf6 8. Bd2 e6 9. 0-0 Qc7 10. Ne4 Nbd7 11. c4 Nxe4 12. Qxe4 Nf6 13. Qe2 Bd6 14. Ne5 0-0 15. Bc3 Rad8 16. Rad1 Nd7 17. Rd2 a6 18. h3 b5 19. b3 Rfe8 20. Rfd1 Nf8 21. Qf3 Rc8 22. c5 Be7 23. Qxf7+ Kh8 24. Qh5 Bf6 25. Nf7+ Kg8 26. Nd6 Ng6 27. Re1 Re7 28. Nxc8 Qxc8 29. Qg4 Qd7 30. Rde2 Nf8 31. Re4 Qd5 32. Qe2 Rf7 33. Qb2 Qf5 34. b4 h5 35. Qe2 g6 36. Bd2 Qd5 37. Bc3 Bg7 38. f3 Kh7 39. Kh1 Rf5 40. Qb2 Qd8 41. Bd2 Qf6 42. Qc3 g5 43. Qd3 Kg8 44. Re5 Rxe5 45. dxe5 Qf7 46. Bxg5 Ng6 47. Qd8+ Kh7 48. Bf6 Bf8 49. Rd1 1-0